| 000 | 00612nam a22001817a 4500 | ||
|---|---|---|---|
| 005 | 20180717151101.0 | ||
| 010 | _aENG-123487 | ||
| 020 |
_a9788183822749 _c250.00 |
||
| 035 | _aEN-107019 | ||
| 037 | _bDBAD/PUB. | ||
| 082 | _a181.4 | ||
| 100 | _aMuller, F. Max | ||
| 245 |
_aPhilosophy India: _cby F. Max Muller _bthe six systms of indian philosophy / |
||
| 260 |
_aNew Delhi _bLotus Press Publishers _c2011 |
||
| 270 |
_aUnit No. 220, Second Floor, 4735/22, Parkash Deep Building, Ansari Road, Daryaganj, _bNew Delhi _e110002 |
||
| 300 |
_a270p. _c21cm(pbk) |
||
| 942 |
_2ddc _cEN _mMUL _h181.4 |
||
| 999 |
_c154190 _d154190 |
||